Fr. Conceicao Rodrigues College of Engineering

Differential equations and calculus of variations (Record no. 25206)

MARC details
000 -LEADER
fixed length control field 00386nam a2200157Ia 4500
082 ## - DEWEY DECIMAL CLASSIFICATION NUMBER
Classification number 515
Item number KUM
100 ## - MAIN ENTRY--PERSONAL NAME
Personal name Rakesh Kumar/ Nagendra K
245 ## - TITLE STATEMENT
Title Differential equations and calculus of variations
260 ## - PUBLICATION, DISTRIBUTION, ETC.
Name of publisher, distributor, etc. CBS
Date of publication, distribution, etc. 2013
366 ## - TRADE AVAILABILITY INFORMATION
Publishers's discount category 20
300 ## - PHYSICAL DESCRIPTION
Extent 497
546 ## - LANGUAGE NOTE
Language note ENGLISH
-- production
650 ## - SUBJECT ADDED ENTRY--TOPICAL TERM
Topical term or geographic name entry element Differential equations
654 ## - SUBJECT ADDED ENTRY--FACETED TOPICAL TERMS
Focus term differential equations
942 ## - ADDED ENTRY ELEMENTS (KOHA)
Koha item type BOOK
Holdings
Withdrawn status Lost status Damaged status Not for loan Collection Home library Current library Date acquired Source of acquisition Cost, normal purchase price Inventory number Total Checkouts Full call number Barcode Date last seen Cost, replacement price Price effective from Koha item type
        CRC Fr. Agnel's C.Rodrigues College of Engineering Fr. Agnel's C.Rodrigues College of Engineering 17/03/2023 Book Service Syndicate 280.00 59 dt 11.06.2014   515 KUM 23153 17/03/2023 350.00   BOOK